Dům u dvou skotíků /

Hlavní autor: Jarošová, Emma, 1911-2008
Další autoři: Pražák, Čeněk, 1914-1996
Jazyk: Čeština
Vydáno: Curych : Konfrontace, 1984
Vydání: První české vydání
Témata:
Fyzický popis: 271 stran : ilustrace ; 19 cm
Knihy
Uloženo v:
LEADER 01121nam a2200325 i 4500
001 001668416
003 CZ BrMZK
005 20190916112730.0
007 ta
008 190208s1984 sz a g 000 j cze
020 |a 3-85770-117-X  |q (vázáno) 
040 |a BOA001  |b cze  |e rda 
072 7 |a 821.162.3-3  |x Česká próza  |2 Konspekt  |9 25 
080 |a 821.162.3-32  |2 MRF 
080 |a (0:82-32)  |2 MRF 
100 1 |a Jarošová, Emma,  |d 1911-2008  |7 jn19990209300  |4 aut 
245 1 0 |a Dům u dvou skotíků /  |c Emma Jarošová ; ilustrace navrhl Čeněk Pražák 
250 |a První české vydání 
264 1 |a Curych :  |b Konfrontace,  |c 1984 
300 |a 271 stran :  |b ilustrace ;  |c 19 cm 
336 |a text  |b txt  |2 rdacontent 
337 |a bez média  |b n  |2 rdamedia 
338 |a svazek  |b nc  |2 rdacarrier 
500 |a V tiráži vročení 1985 
655 7 |a české povídky  |7 fd133971  |2 czenas 
700 1 |a Pražák, Čeněk,  |d 1914-1996  |7 jn19990209685  |4 ill 
910 |a BOA001  |b 1-1426.625 
990 |a BK 
991 |b 201909 
996 7 |b 2610784126  |c 1-1426.625  |l MZK  |r Sklad / do 1 hodiny  |n 1  |p dar  |w 001725899  |u 000010  |a 1  |e BOA001  |j MZK50  |s A